| 000 | 00753nam a22002417a 4500 | ||
|---|---|---|---|
| 003 | OSt | ||
| 005 | 20131115121801.0 | ||
| 008 | 130529s2002 sp ||||| |||| 00| 0 spa d | ||
| 020 | _a8483069822 | ||
| 040 | _cCDMR | ||
| 100 | 1 |
_91963 _aGil Calvo, Enrique |
|
| 245 | 1 | 0 |
_aRepensar la prensa _cEnrique Gil Calvo, Javier Ortiz, Manuel Revuelta |
| 260 |
_aMadrid _bDebate _c2002 |
||
| 300 | _a213 p. | ||
| 490 | 0 | _aTemas de Debate | |
| 650 | 0 | 4 |
_94090 _aPremsa i política _zEspanya |
| 650 | 0 | 4 |
_9999 _aPeriodisme _xAspectes polítics |
| 650 | 0 | 4 |
_92742 _aPremsa _zEspanya _xInfluència |
| 650 | 0 | 4 |
_93243 _aMitjans de comunicació de massa _xManipulació |
| 700 | 1 |
_93559 _aOrtiz, Javier _d1948- |
|
| 700 | 1 |
_93560 _aRevuelta, Manuel _d1935- |
|
| 942 |
_2udc _cMON |
||
| 999 |
_c6344 _d6344 |
||